Cytaty filozofów - Statystyki

Ogólne statystyki
  • Ten quiz został rozwiązany 57 razy
    28 od ostatniego zresetowania
  • Średni wynik to 6 z 13
Statystyki odpowiedzi
Cytat Filozof % Poprawnych
"Wiem, że nic nie wiem." Sokrates
100%
"Bóg jest martwy." Friedrich Nietzsche
82%
"Myślę, więc jestem." René Descartes
82%
"Religia jest westchnieniem uciśnionego stworzenia, sercem nieczułego świata, jest duszą bezdusznych stosunków. Religia jest opium ludu." Karol Marks
68%
"Chciałbym, abyś przesunął się o krok, tak by słońce mogło na mnie świecić." Diogenes
50%
"Granice mojego języka oznaczają granice mojego świata." Ludwig Wittgenstein
36%
"Dwojakie jest podleganie: jedno niewolnicze; według niego przełożony posługuje się poddanym dla swojego pożytku: i takie podleganie nastało po grzechu. Jest jeszcze inne podleganie: domowe i obywatelskie; według niego przełożony posługuje się podległymi dla ich pożytku i dobra: i to podleganie istniałoby także przed grzechem. Bowiem w mnogości ludzi brak by było dobra porządku, gdyby jedni nie byli rządzeni przez innych mądrzejszych. I według tak pojmowanego poddaństwa kobieta z natury jest podległa mężowi, gdyż z natury mężczyzna ma większe rozeznanie rozumu. – A jak niżej powiemy, stan niewinności pierworodnej nie wyklucza nierówności wśród ludzi." Święty Tomasz z Akwinu
32%
"Wojna wszystkich przeciw wszystkim." Thomas Hobbes
27%
"Miłość ślepa." Platon
23%
"Prawo negacji negacji." Georg Wilhelm Friedrich Hegel
18%
"Człowiek rodzi się wolny, a wszędzie tkwi w kajdanach." Jean-Jacques Rousseau
18%
"Jako forma liberalizmu politycznego sprawiedliwość jako bezstronność głosi zatem, że przy założeniu w miarę dobrze urządzonego ustroju konstytucyjnego i uznając niezbędne elementy konstytucji, wielkie wartości polityczne, wyrażone przez zasady i ideały tego ustroju, normalnie mają dostateczną wagę, by mieć pierwszeństwo przed innymi wartościami, które mogą wejść z nimi w konflikt." John Rawls
14%
"Tak oto właśnie pisze się historię." Voltaire
9%
Nie znaleziono quizów pasujących do podanych kryteriów
Rozkład punktacji
Procent ludzi z każdym wynikiem
Percentyl według liczby udzielonych odpowiedzi
Twoja historia wyników
Nie rozwiązałeś tego quizu od ostatniego zresetowania